| 000 -ლიდერი |
| ფიქსირებული სიგრძის საკონტროლო ველი |
01295nam a22002297a 4500 |
| 003 - საკონტროლო ნომრის იდენტიფიკატორი |
| საკონტროლო ველი |
Ge_BSU |
| 005 - ბოლო ოპერაციის თარიღი და დრო |
| საკონტროლო ველი |
20191224151441.0 |
| 008 - ფიქსირებული სიგრძის მონაცემთა ელემენტები - ზოგადი ინფორმაცია |
| ფიქსირებული სიგრძის საკონტროლო ველი |
191224s2019 ge ||||| |||| 00| 0 geo d |
| 020 ## - წიგნის საერთაშორისო სტანდარტული ნომერი |
| International Standard Book Number |
9789941044397 |
| Terms of availability |
2587-490x |
| 041 ## - ენის კოდი |
| Language code of text/sound track or separate title |
geo |
| 080 ## - უნივერსალური ათობითი კლასიფიკაციის ინდექსი |
| Universal Decimal Classification number |
94(5)(063)+32+930 ა-94 |
| 245 ## - ცნობა სათაურის შესახებ |
| Title |
აღმოსავლეთმცოდნეობის მაცნე : |
| Remainder of title |
II / |
| Statement of responsibility, etc |
რედ . ემზარ მაკარაძე ; ტომის რედ. ლილე თანდილავა. |
| 264 ## - წარმოების, გამოცემის, დისტრიბუციის და სხვა ცნობები |
| გამოცემის, წარმოების, დისტრიბუციის... ადგილი |
თბილისი, |
| გამოცემის, წარმოების, დისტრიბუციის... თარიღი |
2019. |
| 300 ## - ფიზიკური აღწერა |
| Extent |
173 გვ.: |
| Dimensions |
20 სმ. |
| 653 ## - INDEX TERM--UNCONTROLLED |
| Uncontrolled term |
ისტორია |
| 653 ## - INDEX TERM--UNCONTROLLED |
| Uncontrolled term |
პოლიტიკა |
| 653 ## - INDEX TERM--UNCONTROLLED |
| Uncontrolled term |
წყაროთმცოდნეობა |
| 700 ## - ADDED ENTRY--PERSONAL NAME |
| Personal name |
მაკარაძე, ემზარ |
| Relator term |
რედაქტორი |
| 9 (RLIN) |
4143 |
| 700 ## - ADDED ENTRY--PERSONAL NAME |
| Personal name |
თანდილავა, ლილე |
| Relator term |
ტომის რედქტორი |
| 9 (RLIN) |
5951 |
| 710 ## - ADDED ENTRY--CORPORATE NAME |
| Relator term |
ბათუმის შოთა რუსთაველის სახელმწიფო უნივერსიტეტი ჰუმანიტარულ მეცნიერებათა ფაკულტეტი აღმოსავლეთმცოდნეობის დეპარტამენტი |
| 9 (RLIN) |
5952 |
| 942 ## - ADDED ENTRY ELEMENTS (KOHA) |
| Source of classification or shelving scheme |
|
| Koha item type |
წიგნი |